| 000 | 00716nam a2200205Ia 4500 | ||
|---|---|---|---|
| 003 | GCL | ||
| 005 | 20240530104206.0 | ||
| 008 | 140319s9999 xx 000 0 ara d | ||
| 040 |
_aGCL / _cGCL |
||
| 082 | 0 | 4 |
_a327.2 _bه ن |
| 100 | 1 | _aهيثم كيلانى | |
| 245 | 1 | 0 |
_aالنظرية الاسرائيلية فى التفاوض / _cهيثم كيلانى |
| 260 |
_aباريس : _bمركز الدراسات العربى- الاوربى _cد. ت |
||
| 300 | _a80 ص | ||
| 490 |
_aبحوث استراتيجية _v( 1 ) |
||
| 650 | 0 | 4 | _aالنزاع العربى الاسرائيلى |
| 650 | 0 | 4 | _aالدبلوماسية الاسرائيلية |
| 650 | 0 | 4 | _aاسرائيل - التفاوض |
| 942 |
_2ddc _cBK |
||
| 999 |
_c45372 _d45372 |
||